00444 a2200121 4500040000600000082001200006100001700018245005200035260008200087300004500169500005100214856005700265 a0 aPGDIT-2 aRamla Ahmad. aWeb oriented content development cRamla Ahmad. aIslamabad :bNUST School of Electrical Engineering & Computer Science,c2000. avii, 104 p. :bill. ;c27 cm. +eCD-ROM. aSupervisors : Dr. S M H Zaidi, Dr. Arshad Ali. uhttp://10.250.8.41:8080/xmlui/handle/123456789/10482